Obálka Náhled e-knihy:
PDF Epub
Pro půjčování e-knih musíte být přihlášeni.
Jak si půjčit online?

Kovářka osudu. 1, Čepel tajemství /

Největší boj se někdy odehrává v naší hlavě. Akční fantasy s originálním námětem.

Uloženo v:
Série:Kovářka osudu, část 1
Hlavní autor: Levenseller, Tricia, 1991- (Autor)
Další autoři: Kadlecová, Eva, 1984- (Autor)
Médium: E-kniha
Jazyk:Czech
Vydáno: V Brně : CPress, 2023
Vydání:1. vydání
Témata:
Příbuzné jednotky:Z cyklu:: Kovářka osudu
Tagy:
Žádné tagy
LEADER 02890nam a2200553 i 4500
001 312081
003 CZ PrSKC
005 20260601215716.0
007 ta
008 230815s2023 xr d 000 f cze
015 |a cnb003544147 
020 |a 9788026448365  |q (vázáno) :  |c Kč 399,00 
035 |a (OCoLC)1402156597 
040 |a ABG001  |b cze  |d ABA001  |e rda 
041 1 |a cze  |h eng 
072 7 |a 821.111(73)-3  |x Americká próza  |2 Konspekt 
072 7 |a 821-93  |x Literatura pro děti a mládež (beletrie)  |2 Konspekt 
080 |a 821.111(73)-31  |2 MRF 
080 |a 821-93-053.67  |2 MRF 
080 |a 821-93  |2 MRF 
080 |a (0:82-312.9)  |2 MRF 
100 1 |a Levenseller, Tricia,  |d 1991-  |7 xx0305502  |4 aut 
240 1 0 |a Blade of secrets.  |l Česky 
245 1 0 |a Kovářka osudu.  |n 1,  |p Čepel tajemství /  |c Tricia Levenseller ; přeložila Eva Kadlecová 
246 3 0 |a Čepel tajemství 
250 |a 1. vydání 
264 1 |a V Brně :  |b CPress,  |c 2023 
300 |a 382 stran ;  |c 22 cm 
336 |a text  |b txt  |2 rdacontent 
337 |a bez média  |b n  |2 rdamedia 
338 |a svazek  |b nc  |2 rdacarrier 
500 |a Přeloženo z angličtiny 
520 2 |a Největší boj se někdy odehrává v naší hlavě. Akční fantasy s originálním námětem.  |b Osmnáctiletá Ziva se odjakživa vyhýbá lidem. Lék na svoje úzkosti hledá v kovárně, kde díky svému nadání pro magii vytváří jedinečné zbraně s ohromující silou. Jednoho dne dostane zakázku na výrobu meče, který dokáže ukrást tajemství svých obětí. Když se ale Ziva dozví, že zbraň má sloužit k rozpoutání zničující války, vezme meč a spolu se svou sestrou uprchne. Cestou se k nim připojí nebezpečně pohledný žoldnéř Kellyn. Podaří se jim meč zničit dřív, než se celé království propadne do smrtícího chaosu? Nakladatelská anotace. 
655 7 |a americké romány  |7 fd131796  |2 czenas 
655 7 |a fantasy romány  |7 fd184199  |2 czenas 
655 7 |a literatura young adult  |7 fd1185572  |2 czenas 
655 7 |a publikace pro mládež  |7 fd133157  |2 czenas 
655 9 |a American fiction  |2 eczenas 
655 9 |a fantasy novels  |2 eczenas 
655 9 |a young adult literature  |2 eczenas 
655 9 |a juvenile literature  |2 eczenas 
700 1 |a Kadlecová, Eva,  |d 1984-  |7 xx0103153  |4 trl 
787 0 8 |i Z cyklu:  |t Kovářka osudu  |g 1 
900 |a ABA001  |b 20 
928 9 |a Albatros Media - CPress 
044 |a xr 
910 |a RBIT002 
998 |d 386157  |a https://core.palmknihy.cz/api/books/386157/cover?si86p5  |b https://core.palmknihy.cz/api/books/386157/cover/400?si86p5  |c https://core.palmknihy.cz/api/books/386157/cover/50?si86p5  |e 2027-10-07  |g 384  |i 9788026448365  |j https://core.palmknihy.cz/api/books/386157/preview.epub  |k https://core.palmknihy.cz/api/books/386157/preview.pdf  |l   |q 49  |r 1  |s https://www.palmknihy.cz/kniha/386157  |t ebook  |y 2023  |z 0  |v Kovářka osudu  |w 1 
999 |d 312079